<?xml version="1.0" encoding="UTF-8"?>
<collection xmlns="http://www.loc.gov/MARC21/slim">
 <record>
  <leader>04276nam a2200229 a 4500</leader>
  <controlfield tag="001">1/55072</controlfield>
  <controlfield tag="008">220302s2021    gr            000 | gre d</controlfield>
  <datafield tag="020" ind1=" " ind2=" ">
   <subfield code="a">9786182020470</subfield>
  </datafield>
  <datafield tag="040" ind1=" " ind2=" ">
   <subfield code="a">GR-PeUP</subfield>
  </datafield>
  <datafield tag="082" ind1="0" ind2="0">
   <subfield code="a">658.404 ΒΑΓ</subfield>
  </datafield>
  <datafield tag="100" ind1="1" ind2=" ">
   <subfield code="a">Βαγιωνά, Δήμητρα.</subfield>
  </datafield>
  <datafield tag="245" ind1="0" ind2="0">
   <subfield code="a">Διαχείριση έργων : </subfield>
   <subfield code="b">θεωρία, τεχνικές και εργαλεία / </subfield>
   <subfield code="c">Δήμητρα Γ. Βαγιωνά.</subfield>
  </datafield>
  <datafield tag="260" ind1=" " ind2=" ">
   <subfield code="a">Θεσσαλονίκη : </subfield>
   <subfield code="b">Δίσιγμα, </subfield>
   <subfield code="c">2021.</subfield>
  </datafield>
  <datafield tag="300" ind1=" " ind2=" ">
   <subfield code="a">432 σ. :</subfield>
   <subfield code="b">εικ. ;</subfield>
   <subfield code="c">24 εκ.</subfield>
  </datafield>
  <datafield tag="500" ind1=" " ind2=" ">
   <subfield code="a">Περίληψη:Το παρόν βιβλίο αποτελεί το προϊόν μιας προσπάθειας με στόχο την συνοπτική παρουσίαση των Γνωστικών Περιοχών της Διαχείρισης Έργων βάσει της 6ης έκδοσης του εγχειριδίου Διαχείρισης Έργων του Project Management Institute (PMI). Συνεισφέρει στην κατανόηση του συνόλου των διεργασιών της διαχείρισης έργων αλλά και των απαραίτητων εργαλείων και τεχνικών για την αποτελεσματική διαχείριση αυτών. Περιλαμβάνει ακόμα την συνοπτική παρουσίαση των δυνατοτήτων του λογισμικού διαχείρισης έργων MS Project Professional, το οποίο χρησιμοποιείται ευρέως τόσο για την δημιουργία του αρχικού πλάνου του έργου, όσο και κατά τον έλεγχο και την παρακολούθηση της προόδου του έργου. Το παρόν βιβλίο απευθύνεται σε προπτυχιακούς και μεταπτυχιακούς φοιτητές που διδάσκονται μαθήματα σχετικά με την διαχείριση έργων στο πρόγραμμα σπουδών τους, αλλά και σε επιστήμονες, επαγγελματίες, μελετητές και συμβούλους που ασχολούνται στον τομέα της διαχείρισης έργων. -- Οπισθόφυλλο.</subfield>
  </datafield>
  <datafield tag="500" ind1=" " ind2=" ">
   <subfield code="a">Περιεχόμενα: Α' μέρος: 1. Βασικοί ορισμοί και βασικές έννοιες στη διαχείριση έργων -- 2. Κύκλος ζωής έργου και οργανωτικές δομές -- 3. Γνωστικές περιοχές και ομάδες διεργασιών διαχείρισης έργου -- 4. Ολοκληρωμένη διαχείριση έργου -- 5. Διαχείριση φυσικού αντικειμένου -- 6. Χροσνικός προγραμματισμός έργων -- 7. Διαχείριση κόστους -- 8. Διαχείριση ποιότητας έργων -- 9. Διαχείριση πόρων -- 10. Διαχείριση επικοινωνιών -- 11. Διαχείριση επικινδυνότητας έργου -- 12. Διαχείριση προμηθειών -- 13. Διαχείριση εμπλεκομένων -- Β' Μέρος: 1. Βασικές καρτέλες και επιλογές του MS Project -- 2. Διαχείριση φυσικού αντικειμένου του έργου -- 3. Χρονικός προγραμματισμός έργου -- 4. Διαχείριση ανθρώπινου δυναμικού και κόστους έργου -- 5. Βασικοί έλεγχοι στο σχέδιο χρονοπρογραμματισμού του έργου -- 6. Παρακολούθηση και έλεγχος της προόδου του έργου -- 7. Δημιουργία αναφορών του έργου -- 8. Μορφή και προσαρμογή -- Απαντήσεις ερωτήσεων.</subfield>
  </datafield>
  <datafield tag="504" ind1=" " ind2=" ">
   <subfield code="a">Περιλαμβάνει βιβλιογραφικές παραπομπές.</subfield>
  </datafield>
  <datafield tag="650" ind1=" " ind2="4">
   <subfield code="a">Διαχείριση έργου.</subfield>
  </datafield>
  <datafield tag="650" ind1=" " ind2="0">
   <subfield code="a">Project management.</subfield>
  </datafield>
  <datafield tag="852" ind1=" " ind2=" ">
   <subfield code="a">INST</subfield>
   <subfield code="b">UNIPILB</subfield>
   <subfield code="c">MAIN</subfield>
   <subfield code="e">20220302</subfield>
   <subfield code="h">658.404 ΒΑΓ</subfield>
   <subfield code="p">00187330</subfield>
   <subfield code="q">00187330</subfield>
   <subfield code="t">LOAN</subfield>
   <subfield code="y">0</subfield>
   <subfield code="4">1</subfield>
  </datafield>
  <datafield tag="852" ind1=" " ind2=" ">
   <subfield code="a">INST</subfield>
   <subfield code="b">UNIPILB</subfield>
   <subfield code="c">MAIN</subfield>
   <subfield code="e">20220302</subfield>
   <subfield code="h">658.404 ΒΑΓ</subfield>
   <subfield code="p">00187331</subfield>
   <subfield code="q">00187331</subfield>
   <subfield code="t">LOAN</subfield>
   <subfield code="y">0</subfield>
   <subfield code="4">2</subfield>
  </datafield>
  <datafield tag="960" ind1=" " ind2=" ">
   <subfield code="a">ΑΛΜΠΑΝΗ ΤΑΝΙΑ</subfield>
  </datafield>
 </record>
</collection>
